000 00551nam a2200217Ia 4500
005 20260429111916.0
008 260429s9999||||xx |||||||||||||| ||und||
020 _a9789349690998
041 _aEnglish
082 _a635.8
_bABR
100 _aAbraham, Rajesh
245 0 _aMushroom grower /
_cRajesh Abraham
260 _aNew Delhi :
_bAgri Horti Press,
_c2026.
300 _aix, 146 p.; hb
650 _a Horticulture
650 _a Mushrooms
650 _aAgriculture
700 _a Amrutha, K.
700 _a Menon, Rakesh
942 _cTB
999 _c51376
_d51376